00422nam a2200157 4500003001100000005001700011008004100028020001800069040003900087041000800126082001300134100002400147245001900171260004200190650003200232LK-CoMWRAF20230903000721.0230903b2009 |||||||| |||| 00| 0 eng d a9789559672623 aLK-CoMWRAFdLK-CoMWRAFeLK-CoMWRAF aeng a823bJAY aJayasuriya, Wilfrid aTime traveller aColombo :b Wilfrid Jayasuriya,c2009 aEnglish Fiction - Sri Lanka